ARRUPE JESUIT UNIVERSITY

CORONAVIRUS -STOP THE SPREAD - CLEAN,DISINFECT,COVER

The philosophy of a peasant / (Record no. 126348)

MARC details
000 -LEADER
fixed length control field 00784nam a2200253 i 4500
001 - CONTROL NUMBER
control field 2266039
003 - CONTROL NUMBER IDENTIFIER
control field ARRUPE
005 - DATE AND TIME OF LATEST TRANSACTION
control field 20170323090115.0
008 - FIXED-LENGTH DATA ELEMENTS--GENERAL INFORMATION
fixed length control field 791114s1979 aru 000 0 eng
010 ## - LIBRARY OF CONGRESS CONTROL NUMBER
LC control number 78062091
020 ## - INTERNATIONAL STANDARD BOOK NUMBER
International Standard Book Number 093280800X :
Terms of availability $12.95
040 ## - CATALOGING SOURCE
Original cataloging agency DLC
Transcribing agency DLC
Modifying agency DLC
043 ## - GEOGRAPHIC AREA CODE
Geographic area code n-us---
050 00 - LIBRARY OF CONGRESS CALL NUMBER
Classification number HN18
Item number .P443
082 00 - DEWEY DECIMAL CLASSIFICATION NUMBER
Classification number 309.1/73/092
300 ## - PHYSICAL DESCRIPTION
Dimensions 24 cm.
100 1# - MAIN ENTRY--PERSONAL NAME
Personal name Petersen, Rodney.
9 (RLIN) 29568
245 14 - TITLE STATEMENT
Title The philosophy of a peasant /
Statement of responsibility, etc by Rodney Petersen.
260 ## - PUBLICATION, DISTRIBUTION, ETC. (IMPRINT)
Place of publication, distribution, etc Heber Springs, Ark. :
Name of publisher, distributor, etc InterAction Books,
Date of publication, distribution, etc c1979.
300 ## - PHYSICAL DESCRIPTION
Extent 554 p. ;
650 #0 - SUBJECT ADDED ENTRY--TOPICAL TERM
Topical term or geographic name as entry element Social history
Chronological subdivision 20th century.
9 (RLIN) 29569
650 #0 - SUBJECT ADDED ENTRY--TOPICAL TERM
Topical term or geographic name as entry element Social problems.
9 (RLIN) 6331
651 #0 - SUBJECT ADDED ENTRY--GEOGRAPHIC NAME
Geographic name United States
General subdivision Social conditions
Chronological subdivision 1945-
9 (RLIN) 724
906 ## - LOCAL DATA ELEMENT F, LDF (RLIN)
a 7
b cbc
c orignew
d 2
e opcn
f 19
g y-gencatlg
942 ## - ADDED ENTRY ELEMENTS (KOHA)
Source of classification or shelving scheme Library of Congress Classification
Koha item type Monograph ( Printed materials)
Holdings
Withdrawn status Lost status Source of classification or shelving scheme Damaged status Not for loan Collection code Home library Current library Shelving location Date acquired Total Checkouts Full call number Barcode Date last seen Price effective from Koha item type
    Library of Congress Classification     Main Collection ARRUPE LIBRARY ARRUPE LIBRARY Main Collection 23/03/2017   HN18 .P443 46500025540 30/04/2018 23/03/2017 Monograph ( Printed materials)

 

Arrupe Library. PO Box MP320 Mt Pleasant, Harare, Zimbabwe
263 242 745411|librarian@aju.ac.zw